000 00606nam a22002177a 4500
999 _c36484
_d36484
001 6200
003 CO-MdFUSB
005 20170823094857.0
008 170823s[ ] xxu||||| |||| 00| 0 eng d
040 _aCO-MdFUSB
_bspa
_cCO-MdFUSB
_dCO-MdFUSBC
_erda
041 0 _aeng
082 0 4 _aG 222.32 R547o
100 1 _aRidout, S.
_eautor
245 1 0 _aOvercoming in days of ruin
_b: Lectures on the book of Judges
_c/ S. Ridout
264 1 _aNew York, USA :
_bLoizeaux,
_c[ ]
300 _a332 Pag
336 _2rdacontent
_a1
_ba1
337 _2rdamedia
_a2
_b5
338 _2rdacarrier
_a2
_b5
942 _cBK